书目信息 |
| 题名: |
现代生物学导论试验指导
|
|
| 作者: | 吴庆余待 编著 | |
| 分册: | ||
| 出版信息: | 北京 清华大学出版社 1999.10 |
|
| 页数: | 91页 | |
| 开本: | 19cm | |
| 丛书名: | ||
| 单 册: | ||
| 中图分类: | Q-33 | |
| 科图分类: | ||
| 主题词: | 生物学--实验 , 生物技术 | |
| 电子资源: | ||
| ISBN: | 7-302-03756-6 | |
| 000 | 00618nam0 2200205 45 | |
| 001 | 0237199186 | |
| 005 | 2002061010195861 | |
| 010 | @a7-302-03756-6@b压膜@dRMB 5.50 | |
| 100 | @a20020610d1999 km y0chiy0120 ea | |
| 101 | 0 | @achi |
| 102 | @aCN@b110000 | |
| 200 | 1 | @a现代生物学导论试验指导@AXian Dai Sheng Wu Xue Dao Lun Shi Yan Zhi Dao@f吴庆余待编著@Fwu qing yu dai bian zhu |
| 210 | @a北京@c清华大学出版社@d1999.10 | |
| 215 | @a91页@d19cm | |
| 606 | 0 | @a生物学@x实验 |
| 606 | 0 | @a生物技术 |
| 690 | @aQ-33@v3 | |
| 701 | 0 | @a吴庆余待@Awu qing yu dai@4编著 |
| 801 | 0 | @aCN@bPFT@c20020610 |
| 905 | @a安徽大学@dQ-33@eW850 | |
| 现代生物学导论试验指导/吴庆余待编著.-北京:清华大学出版社,1999.10 |
| 91页;19cm |
| ISBN 7-302-03756-6(压膜):RMB 5.50 |
| ● |
| 相关链接 |
|
|
|
正题名:现代生物学导论试验指导
索取号:Q-33/W850
 
预约/预借
| 序号 | 登录号 | 条形码 | 馆藏地/架位号 | 状态 | 备注 |
| 1 | 359442 | 203594422 | 自科库401/401自科库 23排4列5层/ [索取号:Q-33/W850] | 在馆 | |
| 2 | 359443 | 203594431 | 自科库401/401自科库 23排4列5层/ [索取号:Q-33/W850] | 在馆 | |
| 3 | 359444 | 203594440 | 自科库401/401自科库 23排4列5层/ [索取号:Q-33/W850] | 在馆 |